Súčasné trendy v Shopper marketingu bakalárska práca

Saved in:
Bibliographic Details
Main Author: Vavrová, Danica
Corporate Author: Obchodná fakulta EU. Katedra marketingu
Other Authors: Stanková, Monika, 1993-
Format: Book
Language:Slovak
Published: Bratislava 2019
Tags: Add Tag
No Tags, Be the first to tag this record!

MARC

LEADER 00000nbm a2200000 4500
001 0255691
005 20190703101543.7
041 0 |a slo 
044 |a SK 
245 1 0 |a Súčasné trendy v Shopper marketingu  |b bakalárska práca  |c Danica Vavrová ; školiteľ: Monika Stanková 
264 1 |a Bratislava  |c 2019 
300 |a 53 s. 
100 1 |a Vavrová, Danica 
700 1 |a Stanková, Monika, 1993- 
710 2 |a Obchodná fakulta EU. Katedra marketingu